[Event "C.to Regionale Piemonte"]
[Site "Torino ITA"]
[Date "2003.04.??"]
[Round "2"]
[White "Forno, Roberto"]
[Black "Moncelli, Giorgio"]
[Result "1-0"]
[WhiteElo "2064"]
[BlackElo "2148"]
[PlyCount "55"]
[EventDate "2003.04.30"]

1. d4 d5 2. Nf3 Nf6 3. c4 c6 4. Nc3 a6 5. cxd5 cxd5 6. Bg5 Nc6 7. e3 Ne4 8.
Nxe4 dxe4 9. Nd2 Bf5 10. Be2 h6 11. Bh4 g5 12. Bg3 Bg7 13. h4 e5 14. hxg5 hxg5
15. Rxh8+ Bxh8 16. Nc4 Qe7 17. dxe5 Rd8 18. Nd6+ Kf8 19. Qa4 Bg6 20. O-O-O Nxe5
21. Qa3 Nd3+ 22. Bxd3 exd3 23. e4 Qc7+ 24. Nc4+ Qe7 25. Bd6 Rxd6 26. Qxd6 Bxe4
27. Qxe7+ Kxe7 28. Re1 1-0

[Event "C.to Regionale Piemonte"]
[Site "Torino ITA"]
[Date "2003.04.??"]
[Round "2"]
[White "Maccagno, Giancarlo"]
[Black "Giacomasso, Enrico"]
[Result "1/2-1/2"]
[WhiteElo "2133"]
[BlackElo "1821"]
[PlyCount "45"]
[EventDate "2003.04.30"]

1. Nf3 d5 2. g3 Nf6 3. Bg2 g6 4. O-O Bg7 5. d3 O-O 6. Nbd2 Nc6 7. c3 e5 8. e4
dxe4 9. dxe4 Be6 10. Qe2 Qe7 11. b4 Nd7 12. a4 Rfe8 13. Ba3 Qf6 14. b5 Ne7 15.
Qe3 h6 16. Rfc1 b6 17. c4 c5 18. Bb2 g5 19. a5 g4 20. Ne1 h5 21. f4 gxf3 22.
Qxf3 Qg5 23. Rc2 1/2-1/2

[Event "C.to Regionale Piemonte"]
[Site "Torino ITA"]
[Date "2003.04.??"]
[Round "2"]
[White "Racioppo, Paolo"]
[Black "Ragni, Paolo"]
[Result "0-1"]
[WhiteElo "2206"]
[BlackElo "2049"]
[PlyCount "84"]
[EventDate "2003.04.30"]

1. e4 e5 2. Bc4 Nf6 3. Qe2 Nc6 4. Nf3 Be7 5. c3 d6 6. d3 O-O 7. Bb3 Be6 8. Bc2
Re8 9. Nbd2 Bf8 10. Nf1 d5 11. Ng3 dxe4 12. dxe4 g6 13. h4 Bg4 14. Bg5 h6 15.
Be3 Nh5 16. Nxh5 Bxh5 17. Bd2 Qf6 18. O-O-O Rad8 19. Rdg1 Bg4 20. Qe3 Na5 21.
b3 Qd6 22. Ne1 Rd7 23. Nd3 Red8 24. Kb1 c5 25. f3 Be6 26. Rd1 c4 27. Nc1 cxb3
28. axb3 Qa3 29. c4 Nc6 30. Bc3 Nd4 31. Bb2 Qa5 32. Nd3 f6 33. Nf2 b5 34. Ng4
Bxg4 35. fxg4 bxc4 36. Rhf1 Rd6 37. g5 Kh7 38. bxc4 Rb8 39. Rxf6 Rxf6 40. gxf6
Qb4 41. Qc1 Ne2 42. Rd7+ Kh8 0-1

[Event "C.to Regionale Piemonte"]
[Site "Torino ITA"]
[Date "2003.04.??"]
[Round "2"]
[White "Sorcinelli, Francesco"]
[Black "Pepino, Enrico"]
[Result "1/2-1/2"]
[WhiteElo "1962"]
[BlackElo "2058"]
[PlyCount "118"]
[EventDate "2003.04.30"]

1. Nc3 g6 2. e4 d6 3. f4 Bg7 4. Nf3 Nf6 5. Bc4 O-O 6. d3 c6 7. Bb3 Na6 8. Be3
Qa5 9. h3 Nc5 10. O-O Nxb3 11. axb3 Qh5 12. Rxa7 Rxa7 13. Bxa7 c5 14. e5 dxe5
15. fxe5 Nd7 16. d4 cxd4 17. Bxd4 Nxe5 18. Nxe5 Bxe5 19. Bxe5 Qxe5 20. Qf3 b5
21. Qd5 Qe3+ 22. Kh2 b4 23. Na2 Qa7 24. Nc1 Qc7+ 25. Kh1 Qxc2 26. Qd4 Bb7 27.
Qf2 Qxf2 28. Rxf2 Bd5 29. Rd2 e6 30. Na2 Rb8 31. Rd4 Bxb3 32. Rxb4 Rxb4 33.
Nxb4 Kf8 34. Kg1 Ke7 35. Kf2 Kd6 36. Ke3 e5 37. g3 f5 38. Nd3 h6 39. h4 g5 40.
hxg5 hxg5 41. Nc1 Bc4 42. b3 Bd5 43. Kf2 Kc5 44. b4+ Kc4 45. b5 Kxb5 46. Nd3 e4
47. Ne5 Kc5 48. Ke3 Kd6 49. Ng6 Bf7 50. Nf8 Bg8 51. Kd4 Ke7 52. Ng6+ Kf6 53.
Ne5 Bh7 54. Nd7+ Ke7 55. Nc5 Kd6 56. Nb7+ Ke7 57. Nc5 Kd6 58. Nb7+ Kd7 59. Nc5+
Kd6 1/2-1/2

[Event "C.to Regionale Piemonte"]
[Site "Torino ITA"]
[Date "2003.04.??"]
[Round "3"]
[White "Aglietti, Graziano"]
[Black "Maccagno, Giancarlo"]
[Result "1-0"]
[WhiteElo "2087"]
[BlackElo "2133"]
[PlyCount "43"]
[EventDate "2003.04.30"]

1. d4 f5 2. Nf3 Nf6 3. Bg5 c6 4. c4 Ne4 5. Bd2 e6 6. Nc3 Nxd2 7. Qxd2 d5 8. e3
Nd7 9. Be2 Qf6 10. O-O-O Bb4 11. a3 Be7 12. h4 b6 13. Kb1 a5 14. Rhg1 Ba6 15.
cxd5 Bxe2 16. dxc6 Bxd1 17. cxd7+ Kxd7 18. Ne5+ Kc8 19. Qxd1 Ra7 20. Qf3 Bd6
21. Qc6+ Bc7 22. Nb5 1-0

[Event "C.to Regionale Piemonte"]
[Site "Torino ITA"]
[Date "2003.04.??"]
[Round "3"]
[White "Giacomasso, Enrico"]
[Black "Sorcinelli, Francesco"]
[Result "1-0"]
[WhiteElo "1821"]
[BlackElo "1962"]
[PlyCount "91"]
[EventDate "2003.04.30"]

1. e4 c5 2. Nf3 d6 3. d4 cxd4 4. Nxd4 Nf6 5. Nc3 g6 6. Bc4 Bg7 7. O-O O-O 8. h3
Nc6 9. Nf3 Bd7 10. Re1 Rc8 11. Bf1 a6 12. Nd5 Nxd5 13. exd5 Ne5 14. Nxe5 dxe5
15. c4 b5 16. cxb5 Bxb5 17. Bxb5 axb5 18. Qb3 Qd7 19. Be3 Rc4 20. Red1 Rfc8 21.
Rd2 e4 22. Rad1 Be5 23. d6 e6 24. g3 Ra8 25. Bb6 f5 26. a3 Ra6 27. Qe3 h6 28.
h4 b4 29. Qe2 Rxb6 30. Qxc4 b3 31. Qc5 Rb5 32. Qc4 Kf7 33. a4 Rb7 34. a5 e3 35.
fxe3 Bxg3 36. Qd4 Ra7 37. Qh8 Bxh4 38. Qh7+ Kf6 39. Qxh6 Bg5 40. Qh8+ Kf7 41.
Kf2 Qa4 42. Qh7+ Kf6 43. Qxa7 Qh4+ 44. Ke2 Qc4+ 45. Rd3 Qg4+ 46. Kd2 1-0

[Event "C.to Regionale Piemonte"]
[Site "Torino ITA"]
[Date "2003.04.??"]
[Round "3"]
[White "Martin, Tiziano"]
[Black "Racioppo, Paolo"]
[Result "0-1"]
[WhiteElo "1813"]
[BlackElo "2206"]
[PlyCount "60"]
[EventDate "2003.04.30"]

1. d4 f5 2. Nf3 d6 3. Bg5 c6 4. c3 Nd7 5. e3 Ngf6 6. Nbd2 g6 7. Bc4 d5 8. Bb3
e6 9. h4 Be7 10. Qe2 a5 11. Bh6 Bf8 12. Bxf8 Rxf8 13. Ng5 Qe7 14. c4 b6 15.
cxd5 exd5 16. Bc2 Ne4 17. Ngf3 Bb7 18. Bd3 Ndf6 19. g3 Ng4 20. O-O h6 21. a3
Kf7 22. Bxe4 fxe4 23. Ng5+ hxg5 24. Qxg4 gxh4 25. f3 Ba6 26. fxe4+ Bxf1 27.
Rxf1+ Kg7 28. Nf3 Qxe4 29. Qd7+ Kh6 30. Ne5 Qxe3+ 0-1

[Event "C.to Regionale Piemonte"]
[Site "Torino ITA"]
[Date "2003.04.??"]
[Round "3"]
[White "Moncelli, Giorgio"]
[Black "Vinciguerra, Marco"]
[Result "1/2-1/2"]
[WhiteElo "2148"]
[BlackElo "1789"]
[PlyCount "64"]
[EventDate "2003.04.30"]

1. e4 d5 2. exd5 Nf6 3. d4 Nxd5 4. Nf3 g6 5. Be2 Bg7 6. O-O O-O 7. c4 Nb6 8. h3
Nc6 9. c5 Nd5 10. Nc3 e5 11. Nxd5 Qxd5 12. dxe5 Qxc5 13. Be3 Qa5 14. Bd2 Qd5
15. Bc3 Be6 16. Qa4 Bf5 17. Rfd1 Qe4 18. Bc4 Be6 19. Nd2 Qh4 20. Qb5 a6 21. Qc5
Rfe8 22. Bf1 Rad8 23. Nf3 Qe7 24. Qxe7 Rxe7 25. Rxd8+ Nxd8 26. Rd1 Nc6 27. a3
Bb3 28. Re1 Bd5 29. Be2 Nxe5 30. Nxe5 Bxe5 31. Bf3 Bxf3 32. Rxe5 Rxe5 1/2-1/2

[Event "C.to Regionale Piemonte"]
[Site "Torino ITA"]
[Date "2003.04.??"]
[Round "3"]
[White "Pepino, Enrico"]
[Black "Rotundo, Raffaele"]
[Result "1/2-1/2"]
[WhiteElo "2058"]
[BlackElo "1807"]
[PlyCount "88"]
[EventDate "2003.04.30"]

1. e4 c5 2. Nf3 Nc6 3. c4 g6 4. d4 cxd4 5. Nxd4 Bg7 6. Be3 d6 7. Nc3 Nf6 8. Be2
O-O 9. O-O Bd7 10. Qd2 Rc8 11. f3 h5 12. Rac1 Kh7 13. Rfd1 Nxd4 14. Bxd4 Bh6
15. f4 e5 16. Be3 Ng4 17. Bxg4 Bxg4 18. Rf1 Rxc4 19. fxe5 Bxe3+ 20. Qxe3 dxe5
21. Qxa7 Qd4+ 22. Qxd4 exd4 23. Nd5 Be2 24. Rxc4 Bxc4 25. Rd1 Bxa2 26. Rxd4
Bxd5 27. exd5 Kg7 28. Rb4 Rb8 29. Rb6 Kf8 30. Kf2 Rd8 31. Rxb7 Rxd5 32. b4 Rd2+
33. Kf3 Kg7 34. b5 Rb2 35. b6 Kf6 36. Rb8 Ke7 37. b7 Rb3+ 38. Ke4 Rb2 39. h3
Rb1 40. Kf4 Kf6 41. Ke4 Ke7 42. Ke5 Re1+ 43. Kf4 Rb1 44. Kg5 Rb5+ 1/2-1/2

[Event "C.to Regionale Piemonte"]
[Site "Torino ITA"]
[Date "2003.04.??"]
[Round "3"]
[White "Ragni, Paolo"]
[Black "Forno, Roberto"]
[Result "1/2-1/2"]
[WhiteElo "2049"]
[BlackElo "2064"]
[PlyCount "142"]
[EventDate "2003.04.30"]

1. c4 Nf6 2. Nc3 g6 3. g3 Bg7 4. Bg2 O-O 5. Nf3 d6 6. d4 a5 7. O-O Nc6 8. d5
Nb8 9. e4 Nbd7 10. Be3 Ng4 11. Bd4 Nge5 12. Nd2 c5 13. dxc6 Nxc6 14. Bxg7 Kxg7
15. Nf3 Nf6 16. Qd2 a4 17. Rad1 Qa5 18. Rfe1 Qh5 19. Nd5 Ng4 20. Qc3+ f6 21.
Nf4 Qh6 22. c5 dxc5 23. Qxc5 Rf7 24. h4 Ra5 25. Qc3 e5 26. Nd5 Be6 27. b4 axb3
28. axb3 g5 29. b4 Ra2 30. Rd2 Rxd2 31. Qxd2 gxh4 32. Qxh6+ Nxh6 33. b5 hxg3
34. bxc6 gxf2+ 35. Kxf2 bxc6 36. Ne3 c5 37. Rc1 Rc7 38. Kg3 Nf7 39. Nc4 Bxc4
40. Rxc4 Nd6 41. Ra4 c4 42. Nh4 c3 43. Ra1 Nb5 44. Nf5+ Kf8 45. Bf1 Nd4 46.
Nxd4 exd4 47. Kf2 Ke7 48. Bd3 Kd6 49. Ke2 Ke5 50. Ra5+ Ke6 51. Bc2 Rb7 52. Kd3
Rd7 53. Bb3+ Ke7 54. Rh5 Kf8 55. Bd5 Rc7 56. Rh2 Ke8 57. Rc2 h5 58. Kxd4 h4 59.
Be6 Ke7 60. Bf5 Kd6 61. Rxc3 Rxc3 62. Kxc3 Ke5 63. Kd3 Kf4 64. Kd4 Kg3 65. Kd5
Kf4 66. Bc8 Kg5 67. Kd4 Kf4 68. Bd7 Kg3 69. Ke3 h3 70. Bxh3 Kxh3 71. Kf3 Kh2
1/2-1/2

[Event "C.to Regionale Piemonte"]
[Site "Torino ITA"]
[Date "2003.04.??"]
[Round "4"]
[White "Forno, Roberto"]
[Black "Aglietti, Graziano"]
[Result "0-1"]
[WhiteElo "2064"]
[BlackElo "2087"]
[PlyCount "58"]
[EventDate "2003.04.30"]

1. d4 Nf6 2. c4 e6 3. Nf3 d5 4. Bg5 Be7 5. Nc3 Nbd7 6. e3 O-O 7. Bd3 c5 8. O-O
a6 9. Rc1 dxc4 10. Bxc4 b5 11. Bd3 Bb7 12. Ne5 cxd4 13. exd4 b4 14. Ne2 Nxe5
15. dxe5 Qd5 16. Bxh7+ Kxh7 17. Qxd5 Nxd5 18. Bxe7 Nxe7 19. Rc7 Bxg2 20. Kxg2
Nd5 21. Rc4 a5 22. Nd4 g5 23. Kf3 Rfc8 24. Rfc1 Rxc4 25. Rxc4 Kg6 26. Nc6 Rh8
27. Kg3 Kf5 28. Nxa5 Nf4 29. Kf3 Rh3# 0-1

[Event "C.to Regionale Piemonte"]
[Site "Torino ITA"]
[Date "2003.04.??"]
[Round "4"]
[White "Giacomasso, Enrico"]
[Black "Ragni, Paolo"]
[Result "0-1"]
[WhiteElo "1821"]
[BlackElo "2049"]
[PlyCount "46"]
[EventDate "2003.04.30"]

1. e4 e5 2. Nf3 Nc6 3. Bb5 f5 4. Nc3 fxe4 5. Nxe4 d5 6. Nxe5 dxe4 7. Nxc6 Qd5
8. c4 Qd6 9. Nxa7+ c6 10. Nxc8 Rxc8 11. Ba4 Nf6 12. O-O Be7 13. Bb3 Qd4 14. Qe2
O-O 15. Qe3 Bc5 16. Qxd4 Bxd4 17. h3 Nh5 18. Bc2 Ng3 19. Rd1 Rxf2 20. Kh2 Rcf8
21. a4 Ne2 22. h4 R8f3 23. d3 Be5+ 0-1

[Event "C.to Regionale Piemonte"]
[Site "Torino ITA"]
[Date "2003.04.??"]
[Round "4"]
[White "Maccagno, Giancarlo"]
[Black "Pepino, Enrico"]
[Result "0-1"]
[WhiteElo "2133"]
[BlackElo "2058"]
[PlyCount "88"]
[EventDate "2003.04.30"]

1. e4 d6 2. d4 Nf6 3. Nc3 g6 4. Be3 c6 5. Qd2 Qa5 6. h3 Nbd7 7. Nf3 Bg7 8. Bd3
O-O 9. O-O e5 10. a4 exd4 11. Bxd4 Nc5 12. Bxf6 Bxf6 13. Nd5 Qd8 14. Nxf6+ Qxf6
15. b4 Ne6 16. Qh6 Qf4 17. Qxf4 Nxf4 18. Ra3 Re8 19. Nd2 Be6 20. Rb1 f6 21. Nc4
Nxd3 22. Nxd6 Ne5 23. Nxe8 Rxe8 24. Rd1 Kf7 25. b5 c5 26. Rc3 b6 27. a5 g5 28.
axb6 axb6 29. Rd6 Rb8 30. Ra3 Ke7 31. Rd1 Bc4 32. Ra7+ Ke6 33. Rb1 h5 34. g3 g4
35. Kg2 Be2 36. f4 gxf3+ 37. Kf2 Rd8 38. Rb7 Rd2 39. Rxb6+ Kf7 40. Rb7+ Kg6 41.
Ke3 Rxc2 42. Ra1 Nc4+ 43. Kf4 f2 44. Raa7 f1=Q# 0-1

[Event "C.to Regionale Piemonte"]
[Site "Torino ITA"]
[Date "2003.04.??"]
[Round "4"]
[White "Racioppo, Paolo"]
[Black "Vinciguerra, Marco"]
[Result "1/2-1/2"]
[WhiteElo "2206"]
[BlackElo "1789"]
[PlyCount "57"]
[EventDate "2003.04.30"]

1. f4 e6 2. Nf3 b6 3. d3 Bb7 4. g3 Nc6 5. Bg2 d5 6. c3 g6 7. O-O Bg7 8. Qe1
Nge7 9. a4 Na5 10. Nfd2 c5 11. Na3 O-O 12. Nc2 Rc8 13. Ra3 Qd7 14. Nf3 c4 15.
Ncd4 Nec6 16. Be3 Ba6 17. Nxc6 Nxc6 18. d4 Rb8 19. h3 Bc8 20. g4 b5 21. axb5
Rxb5 22. Bc1 f6 23. Nh4 e5 24. e4 exd4 25. exd5 Rxd5 26. Bxd5+ Qxd5 27. cxd4
Nxd4 28. Rxa7 Bb7 29. Qe7 1/2-1/2

[Event "C.to Regionale Piemonte"]
[Site "Torino ITA"]
[Date "2003.04.??"]
[Round "4"]
[White "Sorcinelli, Francesco"]
[Black "Moncelli, Giorgio"]
[Result "1-0"]
[WhiteElo "1962"]
[BlackElo "2148"]
[PlyCount "120"]
[EventDate "2003.04.30"]

1. e4 c6 2. d4 d5 3. Nc3 dxe4 4. Nxe4 Nd7 5. Bc4 Ngf6 6. Ng5 e6 7. Qe2 Nb6 8.
Bd3 h6 9. N5f3 Bd6 10. Ne5 O-O 11. Ngf3 Nbd7 12. Bd2 c5 13. dxc5 Nxc5 14. O-O-O
Nxd3+ 15. Qxd3 Bxe5 16. Nxe5 Qxd3 17. Nxd3 b6 18. f3 Bb7 19. Bb4 Rfc8 20. Kb1
Nd5 21. Bd2 Rd8 22. c4 Ne7 23. Be3 Nf5 24. Bf2 Rac8 25. b3 f6 26. Rhe1 Kf7 27.
Rd2 Rd6 28. Red1 Rcd8 29. Kc2 Nd4+ 30. Bxd4 Rxd4 31. Nb2 Rxd2+ 32. Rxd2 Rxd2+
33. Kxd2 Ke7 34. a3 Kd6 35. Ke3 g5 36. g3 e5 37. b4 f5 38. f4 exf4+ 39. gxf4 g4
40. Nd1 h5 41. Nc3 a6 42. Kf2 h4 43. Ne2 Be4 44. h3 gxh3 45. Kg1 Ke6 46. Kh2
Bg2 47. Nd4+ Kf6 48. c5 bxc5 49. bxc5 Ke7 50. Nxf5+ Ke6 51. Ne3 Bc6 52. Kxh3
Kf6 53. Kxh4 Be4 54. Kg4 Bc6 55. Nc4 Bd7+ 56. Kg3 Kf5 57. Ne5 Be6 58. Kf3 Bd5+
59. Ke3 Ke6 60. Kd4 Bh1 1-0

[Event "C.to Regionale Piemonte"]
[Site "Torino ITA"]
[Date "2003.04.??"]
[Round "5"]
[White "Aglietti, Graziano"]
[Black "Ragni, Paolo"]
[Result "0-1"]
[WhiteElo "2087"]
[BlackElo "2049"]
[PlyCount "94"]
[EventDate "2003.04.30"]

1. d4 Nf6 2. Nf3 d5 3. g3 e6 4. Bg2 Be7 5. O-O O-O 6. c4 c6 7. b3 Nbd7 8. Bb2
b6 9. Nbd2 Bb7 10. Rc1 Rc8 11. Ne5 c5 12. Nxd7 Qxd7 13. e3 Rfd8 14. Nf3 dxc4
15. bxc4 cxd4 16. exd4 Rc7 17. Ne5 Qc8 18. Bxb7 Qxb7 19. Qf3 Qxf3 20. Nxf3 Rdc8
21. Ne5 Nd7 22. Nxd7 Rxd7 23. Rfd1 Bf6 24. Rc2 h5 25. h4 Rdc7 26. Rdc1 g5 27.
hxg5 Bxg5 28. f4 Bf6 29. Kg2 Kh7 30. Kf3 Kg6 31. Ke4 Bg7 32. c5 Rc6 33. Ba3 b5
34. Rb1 Rd8 35. Rd1 a5 36. Bb2 Bf8 37. a3 Be7 38. Rh1 f5+ 39. Ke3 Bf6 40. Rch2
Rh8 41. d5 Rxc5 42. Bxf6 Kxf6 43. dxe6 Rc3+ 44. Kd2 Rxa3 45. Rxh5 Rxh5 46. Rxh5
Rxg3 47. Rh6+ Ke7 0-1

[Event "C.to Regionale Piemonte"]
[Site "Torino ITA"]
[Date "2003.04.??"]
[Round "5"]
[White "Forno, Roberto"]
[Black "Giacomasso, Enrico"]
[Result "0-1"]
[WhiteElo "2064"]
[BlackElo "1821"]
[PlyCount "71"]
[EventDate "2003.04.30"]

1. d4 Nf6 2. Nf3 e6 3. c4 b6 4. Bg5 Bb7 5. e3 Bb4+ 6. Nbd2 O-O 7. Bd3 d5 8. O-O
Be7 9. Rc1 Nbd7 10. a3 c5 11. Ne5 Nxe5 12. dxe5 Nd7 13. Bxe7 Qxe7 14. f4 f5 15.
Qh5 g6 16. Qe2 Rfd8 17. Rcd1 Nf8 18. Rf2 Rd7 19. g4 Rad8 20. cxd5 Bxd5 21. Bb5
Bb3 22. Bxd7 Bxd1 23. Bxe6+ Qxe6 24. Qxd1 fxg4 25. Qe2 h5 26. Ne4 Qa2 27. Nd6
Ne6 28. f5 Ng5 29. Kf1 Qd5 30. e4 Qxe5 31. Qc4+ Kg7 32. f6+ Kf8 33. Nf5 gxf5
34. Rxf5 Qxe4 35. Qxe4 Nxe4 36. Rxh5 0-1

[Event "C.to Regionale Piemonte"]
[Site "Torino ITA"]
[Date "2003.04.??"]
[Round "5"]
[White "Giordana, Marco"]
[Black "Fortino, Fabrizio"]
[Result "0-1"]
[WhiteElo "1804"]
[BlackElo "1795"]
[PlyCount "82"]
[EventDate "2003.04.30"]

1. e4 c5 2. Nf3 Nc6 3. g3 d6 4. d3 g6 5. Bg2 Bg7 6. c3 Nf6 7. O-O O-O 8. Nbd2
Bd7 9. Re1 Qc7 10. Nf1 h6 11. d4 cxd4 12. Nxd4 a6 13. h3 Rac8 14. Be3 Kh7 15.
f4 Na5 16. Nd2 e6 17. Qf3 Nc4 18. Nxc4 Qxc4 19. Bf1 Qc7 20. g4 e5 21. Ne2 Bc6
22. Ng3 d5 23. Bd3 dxe4 24. Nxe4 Nxe4 25. Bxe4 Bxe4 26. Qxe4 exf4 27. Bxf4 Qb6+
28. Kh1 Qxb2 29. Rab1 Qxc3 30. Rxb7 Qxh3+ 31. Bh2 Rfe8 32. Re7 Rxe7 33. Qxe7
Qxg4 34. Be5 Qh5+ 35. Kg1 Qg4+ 36. Kf2 Bxe5 37. Rxe5 Qf4+ 38. Ke2 Rc2+ 39. Kd3
Qc4+ 40. Ke3 Qxa2 41. Kf3 Rc3+ 0-1

[Event "C.to Regionale Piemonte"]
[Site "Torino ITA"]
[Date "2003.04.??"]
[Round "5"]
[White "Pepino, Enrico"]
[Black "Racioppo, Paolo"]
[Result "0-1"]
[WhiteElo "2058"]
[BlackElo "2206"]
[PlyCount "54"]
[EventDate "2003.04.30"]

1. e4 c5 2. Nf3 a6 3. c4 Nc6 4. d4 cxd4 5. Nxd4 e5 6. Nf5 d5 7. cxd5 Bxf5 8.
exf5 Nd4 9. Nc3 Bb4 10. Bd3 Qxd5 11. O-O Qd7 12. Re1 Ne7 13. Bg5 O-O-O 14. f6
gxf6 15. Bxf6 Rhg8 16. Rc1 Qh3 17. g3 Ndc6 18. Qf3 Kb8 19. a3 Bd6 20. Be4 Nd4
21. Qg2 Qe6 22. Nd5 Rc8 23. Rxc8+ Rxc8 24. Bxe7 Bxe7 25. Nc3 Qb3 26. Bd5 Qxb2
27. Qe4 Rxc3 0-1

[Event "C.to Regionale Piemonte"]
[Site "Torino ITA"]
[Date "2003.04.??"]
[Round "5"]
[White "Vinciguerra, Marco"]
[Black "Sorcinelli, Francesco"]
[Result "0-1"]
[WhiteElo "1789"]
[BlackElo "1962"]
[PlyCount "94"]
[EventDate "2003.04.30"]

1. e4 c5 2. Nf3 d6 3. d4 cxd4 4. Nxd4 Nf6 5. Nc3 g6 6. f4 Bg7 7. Be3 Nc6 8. Be2
O-O 9. O-O Qb6 10. Qd3 Nb4 11. Qd2 Nc6 12. Ne6 Qxe3+ 13. Qxe3 Bxe6 14. Rad1
Rac8 15. Nd5 Bxd5 16. exd5 Nb4 17. c4 a5 18. a3 Na6 19. Bf3 Rxc4 20. Rc1 Ng4
21. Qe1 Bd4+ 22. Kh1 Nf2+ 23. Rxf2 Bxf2 24. Qf1 Rxc1 25. Qxc1 Bc5 26. Qe1 Rc8
27. h4 Rc7 28. Qxa5 Bf2 29. Kh2 Bxh4 30. Be2 Rc5 31. Qd8+ Kg7 32. Bxa6 bxa6 33.
Qb6 a5 34. Qb7 h5 35. Qb3 Bf6 36. Qb7 Rc4 37. Kg3 a4 38. Qc6 Rd4 39. Qb5 g5 40.
fxg5 Bxg5 41. b4 axb3 42. Qxb3 f5 43. a4 Rg4+ 44. Kf2 Rf4+ 45. Kg3 Re4 46. Kf2
Kf6 47. a5 f4 0-1

[Event "C.to Regionale Piemonte"]
[Site "Torino ITA"]
[Date "2003.04.??"]
[Round "6"]
[White "Fortino, Fabrizio"]
[Black "Moncelli, Giorgio"]
[Result "0-1"]
[WhiteElo "1795"]
[BlackElo "2148"]
[PlyCount "56"]
[EventDate "2003.04.30"]

1. e4 c6 2. d4 d5 3. exd5 cxd5 4. c4 Nf6 5. Nc3 g6 6. cxd5 Bg7 7. Qb3 O-O 8.
Nf3 Nbd7 9. Be2 Nb6 10. d6 Qxd6 11. Nb5 Qd8 12. a4 Be6 13. Qd1 a6 14. Na3 Rc8
15. O-O Qd6 16. b3 Ne4 17. Bb2 Nc3 18. Bxc3 Rxc3 19. a5 Bxb3 20. Qd2 Nd5 21.
Rfb1 Rfc8 22. Rb2 Nf4 23. Bf1 Bd5 24. Rb6 Qc7 25. Ne1 Rc1 26. Rxc1 Qxc1 27. Qb4
e6 28. Qd6 Bf8 0-1

[Event "C.to Regionale Piemonte"]
[Site "Torino ITA"]
[Date "2003.04.??"]
[Round "6"]
[White "Giacomasso, Enrico"]
[Black "Rotundo, Raffaele"]
[Result "1/2-1/2"]
[WhiteElo "1821"]
[BlackElo "1807"]
[PlyCount "54"]
[EventDate "2003.04.30"]

1. e4 c6 2. d4 d5 3. exd5 cxd5 4. c4 Nf6 5. Nc3 e6 6. Nf3 Bb4 7. Bd3 dxc4 8.
Bxc4 Nd5 9. Bd2 Bxc3 10. bxc3 b6 11. Ne5 O-O 12. O-O Ba6 13. Bxa6 Nxa6 14. Qa4
Nac7 15. c4 Ne7 16. Bb4 Re8 17. Rfd1 a6 18. Bxe7 Qxe7 19. Qc6 b5 20. Rac1 Rec8
21. cxb5 axb5 22. Rc2 h6 23. Rdc1 Nd5 24. Qxb5 Rxc2 25. Rxc2 Qb4 26. Qf1 Qxd4
27. Nf3 Qb4 1/2-1/2

[Event "C.to Regionale Piemonte"]
[Site "Torino ITA"]
[Date "2003.04.??"]
[Round "6"]
[White "Maccagno, Giancarlo"]
[Black "Guglielmi, Nicolo'"]
[Result "0-1"]
[WhiteElo "2133"]
[BlackElo "1743"]
[PlyCount "92"]
[EventDate "2003.04.30"]

1. e4 c5 2. c3 Nf6 3. e5 Nd5 4. d4 cxd4 5. Qxd4 e6 6. Nf3 Nc6 7. Qe4 d6 8. Bb5
Bd7 9. exd6 Bxd6 10. Nbd2 O-O 11. Bd3 f5 12. Qh4 Qxh4 13. Nxh4 Rae8 14. Nc4 Bc7
15. O-O e5 16. Ne3 Nde7 17. Bc4+ Kh8 18. Rd1 Bc8 19. b3 e4 20. g3 Be5 21. Bb2
a6 22. Rd2 b5 23. Bf1 g5 24. Nhg2 Be6 25. c4 Bxb2 26. Rxb2 Nd4 27. Ne1 f4 28.
N3c2 Nxc2 29. Rxc2 bxc4 30. Bxc4 Bxc4 31. Rxc4 Nd5 32. Rd1 Nf6 33. Rd6 e3 34.
gxf4 exf2+ 35. Kxf2 Ne4+ 36. Rxe4 Rxe4 37. Rxa6 Rfxf4+ 38. Nf3 g4 39. Ra8+ Kg7
40. Ra7+ Kf8 41. Ra8+ Ke7 42. Ra7+ Kd8 43. Rxh7 Rxf3+ 44. Kg1 Re1+ 45. Kg2 Re2+
46. Kh1 Rf1# 0-1

[Event "C.to Regionale Piemonte"]
[Site "Torino ITA"]
[Date "2003.04.??"]
[Round "6"]
[White "Racioppo, Paolo"]
[Black "Aglietti, Graziano"]
[Result "1-0"]
[WhiteElo "2206"]
[BlackElo "2087"]
[PlyCount "81"]
[EventDate "2003.04.30"]

1. e4 e6 2. d3 d5 3. Nd2 c5 4. Ngf3 Be7 5. g3 Nf6 6. Bg2 Nc6 7. O-O O-O 8. Re1
Rb8 9. e5 Nd7 10. Nf1 f6 11. exf6 Nxf6 12. Bh3 Qe8 13. Bxe6+ Bxe6 14. Rxe6 Qh5
15. Bf4 Rbe8 16. Qe2 h6 17. h4 Ne4 18. dxe4 Rxf4 19. exd5 Rxf3 20. dxc6 Qf7 21.
cxb7 Rxf2 22. Qxf2 Qxe6 23. Re1 Qb6 24. Qf3 c4+ 25. Kh1 Rf8 26. Qd5+ Kh8 27.
Ne3 Qb4 28. Rd1 c3 29. b3 Bxh4 30. Nf5 Bg5 31. Nd6 Bd2 32. Nf7+ Kh7 33. Ne5 Rb8
34. Qd3+ Kg8 35. Rf1 Qxb7+ 36. Kh2 Rc8 37. Qg6 Qd5 38. Ng4 Rc6 39. Nf6+ Rxf6
40. Rxf6 Qc5 41. Re6 1-0

[Event "C.to Regionale Piemonte"]
[Site "Torino ITA"]
[Date "2003.04.??"]
[Round "6"]
[White "Ragni, Paolo"]
[Black "Sorcinelli, Francesco"]
[Result "0-1"]
[WhiteElo "2049"]
[BlackElo "1962"]
[PlyCount "56"]
[EventDate "2003.04.30"]

1. c4 Nf6 2. Nc3 g6 3. Nf3 Bg7 4. g3 O-O 5. Bg2 d6 6. d4 c5 7. O-O Nc6 8. d5
Na5 9. Nd2 a6 10. a4 Rb8 11. e4 e6 12. Re1 exd5 13. exd5 Bg4 14. f3 Bf5 15. Bf1
Qb6 16. Ra3 Rfe8 17. Nde4 Bxe4 18. fxe4 Nd7 19. e5 Nxe5 20. Ne4 Naxc4 21. Bxc4
Nxc4 22. Rf3 Nxb2 23. Qc2 c4+ 24. Be3 Qa5 25. Ref1 f5 26. Bd2 Qxd5 27. Nc3 Qc5+
28. Kg2 Nd3 0-1

[Event "C.to Regionale Piemonte"]
[Site "Torino ITA"]
[Date "2003.04.??"]
[Round "6"]
[White "Vinciguerra, Marco"]
[Black "Pepino, Enrico"]
[Result "1/2-1/2"]
[WhiteElo "1789"]
[BlackElo "2058"]
[PlyCount "95"]
[EventDate "2003.04.30"]

1. e4 c5 2. Nf3 d6 3. d4 cxd4 4. Nxd4 Nf6 5. Nc3 g6 6. f4 Nc6 7. Be3 Bg7 8. Be2
O-O 9. O-O Qb6 10. Qd3 Qxb2 11. Nxc6 bxc6 12. Rab1 Qa3 13. Nd5 Qxd3 14. Nxe7+
Kh8 15. cxd3 Bd7 16. e5 dxe5 17. fxe5 Ng8 18. Nxg8 Kxg8 19. Bc5 Rfe8 20. Rb7
Be6 21. d4 Bxa2 22. Bxa7 Bd5 23. Bf3 Be6 24. Bxc6 Rec8 25. Be4 Rd8 26. Rfb1
Rac8 27. Rb8 Bh6 28. d5 Bd7 29. Rxc8 Rxc8 30. Rb8 Be3+ 31. Bxe3 Rxb8 32. Kf2
Kf8 33. Bc5+ Ke8 34. Ke3 Rb5 35. Kd4 Ra5 36. Bd6 Ra4+ 37. Ke3 Bf5 38. Bf3 Kd7
39. h3 f6 40. Bb8 fxe5 41. Bxe5 h5 42. Bb8 Rb4 43. Be5 g5 44. Bc3 Rc4 45. Bd4
g4 46. Be2 Rb4 47. Bc5 Re4+ 48. Kf2 1/2-1/2

[Event "C.to Regionale Piemonte"]
[Site "Torino ITA"]
[Date "2003.04.??"]
[Round "7"]
[White "Aglietti, Graziano"]
[Black "Giacomasso, Enrico"]
[Result "1/2-1/2"]
[WhiteElo "2087"]
[BlackElo "1821"]
[PlyCount "58"]
[EventDate "2003.04.30"]

1. d4 Nf6 2. Nf3 e6 3. g3 g6 4. Bg2 Bg7 5. O-O O-O 6. c4 d5 7. Nc3 c6 8. Qc2
Nbd7 9. Rd1 Qe7 10. b4 Qxb4 11. c5 Qa5 12. Bf4 b5 13. cxb6 axb6 14. Bd6 Re8 15.
Rab1 Bf8 16. Bxf8 Kxf8 17. e4 Ba6 18. Nd2 Bb7 19. Nb3 Qa7 20. a4 dxe4 21. Ra1
Rec8 22. Nxe4 Nxe4 23. Qxe4 Rc7 24. Qf4 Qb8 25. Re1 Kg7 26. h4 Rc8 27. Qf3 Rc7
28. Qf4 Rc8 29. Qf3 Rc7 1/2-1/2

[Event "C.to Regionale Piemonte"]
[Site "Torino ITA"]
[Date "2003.04.??"]
[Round "7"]
[White "Martin, Tiziano"]
[Black "Vinciguerra, Marco"]
[Result "1-0"]
[WhiteElo "1813"]
[BlackElo "1789"]
[PlyCount "61"]
[EventDate "2003.04.30"]

1. f4 e6 2. Nf3 b6 3. e4 d5 4. exd5 exd5 5. Bb5+ c6 6. Be2 Nf6 7. O-O Be7 8.
Ne5 O-O 9. d3 Qc7 10. Nd2 c5 11. Kh1 Bb7 12. Ndf3 Bd6 13. c3 d4 14. cxd4 cxd4
15. Bd2 Bxe5 16. Rc1 Qe7 17. fxe5 Nd5 18. Nxd4 Qxe5 19. Nf5 Nc6 20. Rc4 Nce7
21. Re4 Qc7 22. Nxe7+ Nxe7 23. Rc4 Qd7 24. Bb4 Rad8 25. Qc1 Rc8 26. Qg5 f6 27.
Qg4 Qxg4 28. Bxg4 Rxc4 29. Be6+ Kh8 30. Bxc4 Re8 31. Re1 1-0